000 00215 a2200097 4500
001 10259
100 _aFitzgerald, A E
245 _aBasic electrical engineering
260 _a
_bMcGraw-Hill
_c
090 _c7929
_d7929
942 _aNUST-CAE
_cM
_c34632
999 _c245332
_d245332